| 000 | 00424nam a2200145 4500 | ||
|---|---|---|---|
| 008 | 01972 1980 0a 000 0Mex | ||
| 020 | _a968-24-0877-6 | ||
| 050 | _aTK145 A7218 T.2 | ||
| 082 | _a537.62 A779f | ||
| 100 | _aArnold Robert | ||
| 245 | _aFundamentos de electrotecnia 2. Generacion de corriente electrica / Robert Arnold | ||
| 260 | _aMexico: Trillas | ||
| 300 | _a109p, 25cm | ||
| 650 | _a1. ELECTRICIDAD | ||
| 999 |
_c19916 _d19916 |
||